[Event "BL 9394 Solingen-HSK"]
[Site "?"]
[Date "1993.??.??"]
[Round "?.7"]
[White "Reefschlaeger, H."]
[Black "Thesing, M."]
[Result "1/2-1/2"]
[WhiteElo "2390"]
[BlackElo "2385"]
[PlyCount "52"]
[EventDate "1993.??.??"]

1. e4 c5 2. f4 d5 3. Nc3 dxe4 4. Nxe4 e6 5. Nf3 Nf6 6. Nf2 g6 7. b3 Bg7 8. Bb2
O-O 9. g3 b6 10. Bg2 Bb7 11. O-O Nc6 12. Ne5 Qc8 13. Qe2 Rd8 14. Nxc6 Bxc6 15.
Rad1 Bxg2 16. Kxg2 Qc6+ 17. Kg1 Rac8 18. c4 h5 19. d4 cxd4 20. Bxd4 Ng4 21.
Bxg7 Nxf2 22. Qxf2 Kxg7 23. Rd4 Rd7 24. Rfd1 Rcd8 25. Rxd7 Rxd7 26. Rxd7 Qxd7
1/2-1/2

[Event "BL 9394 Solingen-HSK"]
[Site "?"]
[Date "1993.??.??"]
[Round "?.8"]
[White "Beckemeyer, W."]
[Black "Sievers, S."]
[Result "1/2-1/2"]
[WhiteElo "2390"]
[BlackElo "2320"]
[PlyCount "86"]
[EventDate "1993.??.??"]

1. e4 c5 2. Nf3 d6 3. d4 cxd4 4. Nxd4 Nf6 5. Nc3 g6 6. Be2 Bg7 7. O-O O-O 8.
Re1 Nc6 9. Bf1 Qb6 10. Nb3 Ng4 11. Qd2 Be5 12. g3 Bxc3 13. bxc3 f5 14. exf5
Nce5 15. Bg2 Rxf5 16. Qd5+ e6 17. Qd4 Nxf2 18. Qxb6 axb6 19. Nd4 Rf7 20. h3 Nc4
21. Rf1 Nxh3+ 22. Bxh3 e5 23. Rxf7 Kxf7 24. Bf1 d5 25. Nf3 Kf6 26. Bxc4 dxc4
27. Be3 b5 28. Bc5 Bf5 29. a3 Bxc2 30. Re1 e4 31. Nd4 Bd3 32. Bb4 Kg5 33. Nxb5
Kg4 34. Kg2 Re8 35. Re3 Re6 36. Nd6 b6 37. Nb5 h5 38. Bd6 g5 39. Bb8 Rf6 40.
Nd4 h4 41. gxh4 gxh4 42. Bc7 h3+ 43. Kg1 Rf1+ 1/2-1/2

[Event "BL 9394 Empor Berlin-München 36"]
[Site "?"]
[Date "1993.??.??"]
[Round "?.1"]
[White "Hertneck, G."]
[Black "Kramnik, V."]
[Result "1/2-1/2"]
[WhiteElo "2555"]
[BlackElo "2710"]
[PlyCount "79"]
[EventDate "1993.??.??"]

1. d4 d5 2. c4 c6 3. cxd5 cxd5 4. Bf4 Nf6 5. e3 Nc6 6. Nc3 Bg4 7. Qb3 Na5 8.
Bb5+ Bd7 9. Bxd7+ Qxd7 10. Qb5 Nc6 11. Nf3 e6 12. O-O Nh5 13. Ne5 Nxe5 14. Bxe5
f6 15. Qe2 g6 16. g4 fxe5 17. gxh5 Bg7 18. Rac1 O-O 19. dxe5 Bxe5 20. hxg6 hxg6
21. f4 Bf6 22. Qd3 Rf7 23. Rf3 Rg7 24. Rg3 Rc8 25. Rxg6 Rxg6+ 26. Qxg6+ Qg7 27.
Qxg7+ Kxg7 28. Kf2 Kf7 29. Ke1 e5 30. Kd1 exf4 31. exf4 Rc4 32. Ne2 Bxb2 33.
Rb1 Rb4 34. Kc2 Ba3 35. Rxb4 Bxb4 36. Kd3 Be7 37. f5 Kf6 38. Kd4 Kxf5 39. Kxd5
Kg4 40. Nd4 1/2-1/2

[Event "BL 9394 Empor Berlin-München 36"]
[Site "?"]
[Date "1993.??.??"]
[Round "?.4"]
[White "Luther, T."]
[Black "Ruf, M."]
[Result "1-0"]
[WhiteElo "2480"]
[BlackElo "2430"]
[PlyCount "120"]
[EventDate "1993.??.??"]

1. e4 c6 2. d4 d6 3. Nc3 b5 4. f4 a6 5. Nf3 g6 6. Bd3 Bg7 7. O-O Nh6 8. Qe1 O-O
9. f5 f6 10. Qh4 g5 11. Nxg5 fxg5 12. Bxg5 Rf6 13. Bxf6 exf6 14. e5 dxe5 15.
dxe5 Nd7 16. e6 Ne5 17. Rae1 Nxd3 18. cxd3 Kh8 19. Qe4 Qb6+ 20. d4 Bb7 21. Ne2
Ng8 22. Nf4 Ne7 23. Rd1 Bh6 24. Rf3 Rg8 25. Rg3 Bg5 26. Nh3 c5 27. Nxg5 Rxg5
28. dxc5 Qxc5+ 29. Qd4 Qxf5 30. Rf1 Qe5 31. Qxe5 Rxe5 32. Rxf6 Ng6 33. Rgxg6
hxg6 34. Rf8+ Kg7 35. Rf7+ Kh6 36. Rxb7 Kg5 37. Kf2 Rxe6 38. Rd7 Kf4 39. Rd4+
Kf5 40. Rd3 Rc6 41. Ke3 Ke5 42. Rc3 Rf6 43. Rc5+ Ke6 44. Rg5 Ke7 45. Re5+ Kd6
46. Re4 Kd5 47. Rg4 Ke5 48. Rg5+ Kd6 49. h4 Ke7 50. Re5+ Kf7 51. Kd3 Rf2 52.
Re2 Rf4 53. g3 Rf3+ 54. Re3 Rf2 55. Kc3 Rg2 56. a3 Kf6 57. b4 Rf2 58. Kd4 Rc2
59. Rc3 Re2 60. Rc6+ Kf5 1-0

[Event "BL 9394 Empor Berlin-München 36"]
[Site "?"]
[Date "1993.??.??"]
[Round "?.5"]
[White "Klundt, K."]
[Black "Volke, K."]
[Result "0-1"]
[WhiteElo "2375"]
[BlackElo "2470"]
[PlyCount "64"]
[EventDate "1993.??.??"]

1. e4 c5 2. Nf3 e6 3. d4 cxd4 4. Nxd4 Nf6 5. Nc3 d6 6. f4 Be7 7. Be2 O-O 8. O-O
Nc6 9. Be3 e5 10. Nxc6 bxc6 11. fxe5 dxe5 12. Qe1 Bb4 13. Qh4 Bxc3 14. bxc3 Be6
15. Rad1 Nd7 16. Qxd8 Rfxd8 17. Rd6 Rdc8 18. Rfd1 Rc7 19. a4 h6 20. h3 Rb8 21.
Bc4 Bxc4 22. Rxd7 Rxd7 23. Rxd7 Rb1+ 24. Kf2 Rb2 25. Rxa7 Rxc2+ 26. Kf3 Bf1 27.
a5 Bxg2+ 28. Kg3 Bxe4 29. h4 f5 30. Bb6 f4+ 31. Kg4 h5+ 32. Kxh5 Rg2 0-1

[Event "BL 9394 Empor Berlin-München 36"]
[Site "?"]
[Date "1993.??.??"]
[Round "?.6"]
[White "Rabiega, R."]
[Black "Pezerovic, E."]
[Result "0-1"]
[WhiteElo "2455"]
[BlackElo "2400"]
[PlyCount "78"]
[EventDate "1993.??.??"]

1. e4 c6 2. d4 d5 3. Nc3 dxe4 4. Nxe4 Nf6 5. Nxf6+ gxf6 6. c3 Bf5 7. Nf3 e6 8.
g3 Bd6 9. Bg2 Be4 10. O-O f5 11. Re1 Qf6 12. Qb3 b6 13. Ng5 Bxg2 14. Kxg2 Kd7
15. c4 Rg8 16. Nf3 Kc8 17. c5 Bc7 18. cxb6 axb6 19. Ne5 Rd8 20. Qc3 Bxe5 21.
dxe5 Qe7 22. Be3 Kb7 23. Qb3 c5 24. Rad1 Nc6 25. h4 Na5 26. Qc3 Qc7 27. Bg5 Rd4
28. Rxd4 cxd4 29. Qd3 Qc4 30. Qf3+ Qc6 31. a3 Qxf3+ 32. Kxf3 Nc4 33. Bc1 d3 34.
Rd1 Rd8 35. b3 Nxe5+ 36. Ke3 Ng4+ 37. Kf3 e5 38. Bb2 e4+ 39. Kg2 e3 0-1

[Event "BL 9394 Empor Berlin-München 36"]
[Site "?"]
[Date "1993.??.??"]
[Round "?.7"]
[White "Reich, T."]
[Black "Poldauf, D."]
[Result "0-1"]
[WhiteElo "2370"]
[BlackElo "2425"]
[PlyCount "54"]
[EventDate "1993.??.??"]

1. c4 Nf6 2. Nc3 g6 3. Nf3 Bg7 4. g3 O-O 5. Bg2 d6 6. O-O e5 7. d3 Nc6 8. Bd2
h6 9. Rb1 a5 10. a3 Be6 11. b4 axb4 12. axb4 Qd7 13. Re1 Bh3 14. Bh1 Ng4 15.
Nd5 f5 16. b5 Nd8 17. d4 Ne6 18. dxe5 dxe5 19. Bb4 Rfe8 20. Nh4 Qf7 21. Ra1
Rxa1 22. Qxa1 g5 23. Ng2 f4 24. f3 e4 25. Bc3 fxg3 26. hxg3 exf3 27. exf3 Qxf3
0-1

[Event "BL 9394 Empor Berlin-München 36"]
[Site "?"]
[Date "1993.??.??"]
[Round "?.8"]
[White "Stern, R."]
[Black "Lentrodt, T."]
[Result "1/2-1/2"]
[WhiteElo "2385"]
[BlackElo "2320"]
[PlyCount "107"]
[EventDate "1993.??.??"]

1. Nf3 d5 2. b3 Nf6 3. Bb2 Nbd7 4. e3 e6 5. Be2 Be7 6. O-O O-O 7. c4 c5 8. d3
b6 9. Nbd2 Bb7 10. Rc1 Ne8 11. Re1 Bf6 12. d4 Nd6 13. Ne5 dxc4 14. bxc4 cxd4
15. exd4 Bxe5 16. dxe5 Nf5 17. Bf1 Nc5 18. Qe2 Qc7 19. Nb3 Rfd8 20. Red1 h6 21.
Ba3 Ne4 22. Rxd8+ Rxd8 23. c5 Nxc5 24. Bxc5 bxc5 25. Rxc5 Qd7 26. Qc2 Nd4 27.
Nxd4 Qxd4 28. Rc7 Be4 29. Qc3 Qxc3 30. Rxc3 Rd1 31. f4 Bd5 32. a3 Rd4 33. Bd3
g5 34. fxg5 hxg5 35. g3 Be4 36. Bxe4 Rxe4 37. Rc5 Ra4 38. Rc3 Kg7 39. Kf2 Kg6
40. h3 Kf5 41. Rf3+ Kxe5 42. Rxf7 Rxa3 43. h4 gxh4 44. gxh4 a5 45. h5 Rh3 46.
Ra7 Kf4 47. Rxa5 e5 48. Ra4+ Kf5 49. h6 Rxh6 50. Ke3 Rh3+ 51. Ke2 Rg3 52. Kf2
Rd3 53. Ke2 Rb3 54. Kf2 1/2-1/2

[Event "BL 9394 Zehlendorf-Bayern"]
[Site "?"]
[Date "1993.??.??"]
[Round "?.2"]
[White "Loeffler, S."]
[Black "Yusupov, A."]
[Result "1/2-1/2"]
[WhiteElo "2460"]
[BlackElo "2630"]
[PlyCount "95"]
[EventDate "1993.??.??"]

1. d4 Nf6 2. c4 e6 3. Nf3 Bb4+ 4. Bd2 a5 5. Nc3 b6 6. g3 Ba6 7. b3 O-O 8. Bg2
c6 9. Na4 d5 10. Bxb4 axb4 11. c5 Nbd7 12. cxb6 Bb5 13. Nc5 Qxb6 14. Nxd7 Nxd7
15. Qd2 Ra3 16. Qxb4 Rfa8 17. O-O Bxe2 18. Qxb6 Nxb6 19. Rfc1 Rxa2 20. Rxa2
Rxa2 21. Ne5 Rb2 22. f4 Rxb3 23. f5 Bb5 24. fxe6 fxe6 25. Bh3 Kf8 26. Nxc6 Nc4
27. Nd8 e5 28. Ne6+ Ke7 29. dxe5 Nxe5 30. Nxg7 Nf3+ 31. Kf2 Ng5 32. Bg2 Rb2+
33. Kg1 Kf6 34. Nh5+ Ke5 35. Nf4 Rd2 36. Re1+ Kd6 37. h4 Nf7 38. Bxd5 Ne5 39.
Be4 h6 40. Rb1 Bc4 41. Rb6+ Kc5 42. Rb1 Kd4 43. Re1 Kc5 44. Bb7 Kd6 45. Nh5 Be2
46. Ng7 Nd3 47. Ra1 Bg4 48. Bg2 1/2-1/2

[Event "BL 9394 Zehlendorf-Bayern"]
[Site "?"]
[Date "1993.??.??"]
[Round "?.3"]
[White "Ribli, Z."]
[Black "Vogel, R."]
[Result "1-0"]
[WhiteElo "2610"]
[BlackElo "2335"]
[PlyCount "81"]
[EventDate "1993.??.??"]

1. Nf3 Nf6 2. c4 g6 3. g3 Bg7 4. Bg2 O-O 5. O-O d5 6. cxd5 Nxd5 7. Nc3 Nc6 8.
d4 Nb6 9. d5 Na5 10. Qc2 e6 11. dxe6 Bxe6 12. Bg5 f6 13. Be3 Bf5 14. Ne4 Nac4
15. Bxb6 Nxb6 16. Nh4 Bc8 17. a4 a5 18. Nc5 c6 19. Rfd1 Qc7 20. Qb3+ Kh8 21.
Rd3 Re8 22. Rad1 Bf8 23. Qc2 Bg4 24. f3 Be6 25. Nxe6 Rxe6 26. e4 Rae8 27. f4
Kg7 28. b3 Rd6 29. Rxd6 Bxd6 30. e5 fxe5 31. f5 Be7 32. fxg6 Bxh4 33. gxh4 hxg6
34. h5 gxh5 35. Rd3 Re6 36. Rg3+ Kf8 37. Qf2+ Ke8 38. Rg8+ Kd7 39. Rg7+ Re7 40.
Bh3+ Kd8 41. Qf8+ 1-0

[Event "BL 9394 Zehlendorf-Bayern"]
[Site "?"]
[Date "1993.??.??"]
[Round "?.4"]
[White "Rahls, P."]
[Black "Kindermann, S."]
[Result "0-1"]
[WhiteElo "2315"]
[BlackElo "2520"]
[PlyCount "82"]
[EventDate "1993.??.??"]

1. e4 e6 2. d4 d5 3. Nc3 Bb4 4. e5 Ne7 5. a3 Bxc3+ 6. bxc3 c5 7. h4 Qc7 8. Nf3
b6 9. Bb5+ Bd7 10. Bd3 Nbc6 11. h5 h6 12. O-O O-O 13. g4 c4 14. Be2 f6 15. Bf4
fxe5 16. Bg3 Qd8 17. dxe5 Na5 18. Qd2 Nb7 19. Nd4 Nc5 20. f3 Nc6 21. Rf2 Qe7
22. Qe3 Na4 23. f4 Qc5 24. Rd1 Qxa3 25. Nb5 Qb2 26. f5 Qxb5 27. f6 Qc5 28. Qd2
Rf7 29. Rdf1 d4 30. g5 dxc3 31. Qf4 hxg5 32. Qxg5 Rxf6 33. Kg2 Rxf2+ 34. Rxf2
Rf8 35. Rxf8+ Qxf8 36. h6 Nc5 37. Bxc4 Nd4 38. hxg7 Bc6+ 39. Kh3 Qf5+ 40. Qxf5
Nxf5 41. Bf2 Kxg7 0-1

[Event "BL 9394 Zehlendorf-Bayern"]
[Site "?"]
[Date "1993.??.??"]
[Round "?.5"]
[White "Schlosser, P."]
[Black "Pritchett, C."]
[Result "1-0"]
[WhiteElo "2550"]
[BlackElo "2350"]
[PlyCount "78"]
[EventDate "1993.??.??"]

1. d4 Nf6 2. Nf3 e6 3. g3 b6 4. Bg2 Bb7 5. c4 Be7 6. Nc3 O-O 7. O-O Na6 8. Bf4
d6 9. a3 c5 10. d5 e5 11. Bd2 Nc7 12. e4 Ba6 13. Qe2 Rb8 14. b4 Nd7 15. Rfb1
Bf6 16. h4 Qe7 17. Bh3 Rfe8 18. Kg2 h6 19. Rb2 Rbd8 20. Rh1 Nf8 21. Rbb1 Ng6
22. Rbc1 Bc8 23. Nd1 Bxh3+ 24. Rxh3 Qd7 25. Ne3 Be7 26. Rhh1 Bf8 27. h5 Ne7 28.
Nh4 b5 29. bxc5 dxc5 30. Ba5 bxc4 31. Nxc4 Nc8 32. Nf5 Nxd5 33. Bxd8 Rxd8 34.
Rhd1 Qe6 35. Nh4 Nf4+ 36. gxf4 Rxd1 37. Rxd1 exf4 38. Rd5 Ne7 39. Rd6 Qc8 1-0

[Event "BL 9394 Zehlendorf-Bayern"]
[Site "?"]
[Date "1993.??.??"]
[Round "?.6"]
[White "Heinig, W."]
[Black "Stangl, M."]
[Result "1/2-1/2"]
[WhiteElo "2315"]
[BlackElo "2525"]
[PlyCount "84"]
[EventDate "1993.??.??"]

1. d4 d5 2. c4 c6 3. cxd5 cxd5 4. Nf3 Nf6 5. Nc3 g6 6. Bf4 Bg7 7. e3 O-O 8. Be2
Nc6 9. h3 Qb6 10. Nb5 Qa5+ 11. Qd2 Qxd2+ 12. Nxd2 Nb4 13. O-O Bf5 14. Rfc1 Nd3
15. Bxd3 Bxd3 16. Nc7 Rad8 17. Rc3 Bf5 18. Be5 Ne4 19. Bxg7 Kxg7 20. Nxe4 dxe4
21. Rac1 Rd6 22. Rb3 Rb8 23. Nb5 Ra6 24. Rc7 Rxa2 25. Nc3 Ra1+ 26. Kh2 b6 27.
Rxe7 Kf8 28. Rc7 h5 29. Ra3 Rxa3 30. bxa3 a6 31. Kg3 b5 32. Kf4 a5 33. g4 Bc8
34. Nxb5 hxg4 35. Nd6 gxh3 36. Nxc8 h2 37. Rc1 Rb2 38. Kg3 Rc2 39. Rh1 Rxc8 40.
Rxh2 Rc3 41. Kf4 Rxa3 42. Kxe4 Ra2 1/2-1/2

[Event "BL 9394 Zehlendorf-Bayern"]
[Site "?"]
[Date "1993.??.??"]
[Round "?.7"]
[White "Gabriel, C."]
[Black "Lieb, H."]
[Result "1-0"]
[WhiteElo "2510"]
[BlackElo "2295"]
[PlyCount "189"]
[EventDate "1993.??.??"]

1. d4 Nf6 2. c4 e6 3. Nc3 Bb4 4. Qc2 d5 5. cxd5 exd5 6. Bg5 h6 7. Bxf6 Qxf6 8.
a3 Bxc3+ 9. Qxc3 c6 10. e3 O-O 11. Nf3 Re8 12. b4 a6 13. a4 Bf5 14. Be2 Nd7 15.
O-O Be4 16. Nd2 Qg5 17. Nxe4 dxe4 18. Rac1 Rac8 19. Qb3 Re6 20. Bc4 Rf6 21. b5
axb5 22. axb5 Rf8 23. bxc6 bxc6 24. Qb7 Rg6 25. g3 Qg4 26. Rc2 h5 27. Be2 Qh3
28. Rxc6 Rxc6 29. Qxc6 Nf6 30. Rc1 h4 31. Bf1 Qf5 32. Qd6 hxg3 33. Qxg3 Rd8 34.
Rc5 Rd5 35. Bh3 Qh5 36. Rxd5 Qxd5 37. Kg2 Qh5 38. Qb8+ Kh7 39. Qf4 Qd5 40. Qe5
Qc6 41. Qc5 Qa6 42. Qe7 Qa2 43. Qe5 Qa8 44. Bf5+ Kg8 45. d5 Qd8 46. Bxe4 Ne8
47. Bf3 Nd6 48. e4 Nc4 49. Qf4 Qe7 50. Be2 Ne5 51. Qg3 Ng6 52. Qe3 Qe5 53. Bg4
Nf4+ 54. Kf3 Ng6 55. Kg2 Nf4+ 56. Kf3 Ng6 57. h3 Nh4+ 58. Ke2 Ng2 59. Qf3 Nf4+
60. Kf1 g6 61. Qe3 Qa1+ 62. Qe1 Qd4 63. Kg1 f5 64. Qe3 Qxe4 65. Qxe4 fxe4 66.
d6 Kf7 67. Kf1 Kf6 68. Ke1 Ne6 69. Kd2 Nd8 70. Ke3 Ke5 71. d7 g5 72. Bd1 Kd6
73. Ba4 Kd5 74. Bb3+ Ke5 75. Ba2 Nc6 76. Bc4 Nd8 77. Bb3 Nc6 78. Bc2 Nd8 79.
Bxe4 Ke6 80. Kd4 Kxd7 81. Ke5 Nf7+ 82. Kf6 Nd6 83. Bd5 Ke8 84. Kxg5 Kf8 85. Kg6
Nc8 86. Bb3 Ne7+ 87. Kf6 Nc8 88. h4 Nd6 89. Bd5 Nf7 90. h5 Nh8 91. h6 Nf7 92.
h7 Nh8 93. f3 Nf7 94. Kg6 Nh8+ 95. Kh6 1-0

[Event "BL 9394 München 36-Zehlendorf"]
[Site "?"]
[Date "1993.??.??"]
[Round "?.1"]
[White "Bagirov, V."]
[Black "Hertneck, G."]
[Result "1/2-1/2"]
[WhiteElo "2525"]
[BlackElo "2555"]
[PlyCount "148"]
[EventDate "1993.??.??"]

1. Nf3 Nf6 2. c4 c6 3. g3 d5 4. Bg2 dxc4 5. Qc2 Bg4 6. Na3 e6 7. Nxc4 Be7 8.
Qb3 Qc8 9. h3 Bh5 10. d3 O-O 11. O-O Na6 12. Bd2 Nd5 13. Rac1 f6 14. e4 Nb6 15.
Be3 Nxc4 16. Qxc4 Nc7 17. d4 Bf7 18. a3 Rd8 19. Qc2 Qd7 20. Rfd1 Rac8 21. Nd2
Bh5 22. g4 Bg6 23. Qb3 Ne8 24. Nc4 Nd6 25. Ne5 fxe5 26. dxe5 Qc7 27. exd6 Rxd6
28. Bxa7 Bf7 29. Bb6 Qb8 30. Rxd6 Bxd6 31. Rd1 c5 32. Ba5 c4 33. Qc2 e5 34. Bc3
Bc5 35. Bf3 Be6 36. Kg2 Qc7 37. Qe2 b5 38. Rd2 Rf8 39. Qd1 Qe7 40. Bxe5 Bxg4
41. hxg4 Qxe5 42. Rd5 Qe7 43. Rd7 Qe5 44. Qd5+ Qxd5 45. Rxd5 Rc8 46. g5 c3 47.
bxc3 Bxa3 48. Rxb5 Rxc3 49. Bg4 Bd6 50. Rd5 Rc6 51. Bd7 Rb6 52. Bb5 g6 53. Kf3
Kg7 54. Kg4 h6 55. gxh6+ Kxh6 56. f4 Kg7 57. e5 Be7 58. Bd3 Kf7 59. Bc4 Kf8 60.
Bd3 Kf7 61. Rd7 Kf8 62. Ra7 Rc6 63. Be4 Rb6 64. Ra8+ Kg7 65. Bd5 Rb5 66. Rg8+
Kh7 67. Bf7 Rb6 68. Bd5 Rb5 69. Re8 Rxd5 70. Rxe7+ Kh6 71. Kf3 Ra5 72. Rc7 g5
73. e6 Kg6 74. fxg5 Rxg5 1/2-1/2

[Event "BL 9394 München 36-Zehlendorf"]
[Site "?"]
[Date "1993.??.??"]
[Round "?.2"]
[White "Stohl, I."]
[Black "Loeffler, S."]
[Result "1-0"]
[WhiteElo "2545"]
[BlackElo "2460"]
[PlyCount "77"]
[EventDate "1993.??.??"]

1. d4 Nf6 2. Nf3 g6 3. c4 Bg7 4. Nc3 O-O 5. e4 d6 6. Be2 c5 7. O-O Na6 8. Re1
Bg4 9. d5 Nc7 10. Be3 Nd7 11. Qd2 a6 12. a4 e6 13. a5 exd5 14. exd5 Re8 15. h3
Bxf3 16. Bxf3 Qh4 17. Bg4 Rxe3 18. Rxe3 f5 19. g3 Qh6 20. Be2 Qxh3 21. Re7 Rd8
22. Bf1 Qg4 23. Qf4 Qxf4 24. gxf4 Bf8 25. Re3 Bh6 26. Ne2 Ne8 27. Rb1 Kf7 28.
Kg2 Nef6 29. Kf3 Ne4 30. Rd1 g5 31. Rb3 Rb8 32. Ng3 g4+ 33. Kg2 Bxf4 34. Nxf5
Kf6 35. Ng3 Ng5 36. Nh5+ Kf5 37. Bd3+ Ne4 38. Re1 Re8 39. Rxb7 1-0

[Event "BL 9394 München 36-Zehlendorf"]
[Site "?"]
[Date "1993.??.??"]
[Round "?.3"]
[White "Vogel, R."]
[Black "Hodgson, JM."]
[Result "0-1"]
[WhiteElo "2335"]
[BlackElo "2625"]
[PlyCount "98"]
[EventDate "1993.??.??"]

1. d4 d6 2. c4 e5 3. Nf3 e4 4. Nfd2 f5 5. Nc3 Nf6 6. e3 c5 7. Be2 Nc6 8. d5 Ne5
9. O-O g6 10. f3 exf3 11. Nxf3 Nxf3+ 12. Bxf3 Bg7 13. e4 O-O 14. exf5 Bxf5 15.
Bf4 Qb6 16. Nb5 Ne8 17. Qd2 Bd7 18. a4 Bxb5 19. axb5 Bd4+ 20. Kh1 Ng7 21. Bg4
a6 22. Bh6 axb5 23. Rxa8 Rxa8 24. Qf4 Qd8 25. Be6+ Kh8 26. Bg5 Qe8 27. Qxd6
bxc4 28. Bd7 Qf7 29. Qb8+ Ne8 30. Qf4 Qxf4 31. Bxf4 Nf6 32. Be6 Re8 33. h4 b5
34. Bg5 Kg7 35. Ra1 Re7 36. Ra8 Bxb2 37. Bf4 Bd4 38. g4 h6 39. g5 hxg5 40. hxg5
Ne4 41. Kg2 c3 42. Kf3 Nd2+ 43. Ke2 Nc4 44. Kd3 Ne5+ 45. Ke4 Nf7 46. Kd3 b4 47.
Rb8 Be5 48. Bxe5+ Nxe5+ 49. Kc2 Nf3 0-1

[Event "BL 9394 München 36-Zehlendorf"]
[Site "?"]
[Date "1993.??.??"]
[Round "?.4"]
[White "Ruf, M."]
[Black "Rahls, P."]
[Result "1/2-1/2"]
[WhiteElo "2430"]
[BlackElo "2315"]
[PlyCount "135"]
[EventDate "1993.??.??"]

1. d4 c5 2. d5 e5 3. e4 d6 4. Bd3 Be7 5. h3 a6 6. a4 Bg5 7. Nd2 Ne7 8. Qh5
Bxd2+ 9. Bxd2 O-O 10. g4 Nd7 11. Bg5 f6 12. Bd2 Qb6 13. b3 c4 14. bxc4 Qb2 15.
Rd1 Nc5 16. a5 Bd7 17. Qh4 Ba4 18. Rc1 Ng6 19. Qg3 Nf4 20. Bxf4 exf4 21. Qxf4
Rae8 22. Ne2 Re5 23. f3 g6 24. Rh2 b5 25. axb6 Qxb6 26. Kf1 Bd7 27. Rg2 a5 28.
Qd2 a4 29. Ra1 Kg7 30. Qc3 h5 31. Ng3 h4 32. Ne2 Kf7 33. Rf2 f5 34. Qd4 fxe4
35. fxe4+ Kg7 36. Rxf8 Kxf8 37. Kg2 Ke7 38. Nf4 Be8 39. Ne6 Qb4 40. Nxc5 Qxc5
41. Qxc5 dxc5 42. Kf3 Kd6 43. Ke3 Re7 44. Kf4 Rf7+ 45. Ke3 Ke5 46. c3 Ra7 47.
Rf1 a3 48. Ra1 g5 49. Kd2 Kf4 50. Rf1+ Kg3 51. e5 Kxh3 52. Bf5 Kg2 53. Ra1 h3
54. d6 Bc6 55. e6 h2 56. d7 h1=Q 57. Rxh1 Kxh1 58. d8=Q a2 59. Qb6 a1=Q 60.
Qxc6+ Kh2 61. Qd6+ Kh3 62. e7 Qf1 63. e8=Q Ra2+ 64. Bc2 Qf2+ 65. Qe2 Rxc2+ 66.
Kxc2 Qxe2+ 67. Kb3 Qe3 68. Qd7 1/2-1/2

[Event "BL 9394 München 36-Zehlendorf"]
[Site "?"]
[Date "1993.??.??"]
[Round "?.5"]
[White "Pritchett, C."]
[Black "Klundt, K."]
[Result "1/2-1/2"]
[WhiteElo "2350"]
[BlackElo "2375"]
[PlyCount "59"]
[EventDate "1993.??.??"]

1. Nf3 Nf6 2. c4 g6 3. Nc3 Bg7 4. e4 d6 5. d4 O-O 6. Be2 e5 7. Be3 Ng4 8. Bg5
f6 9. Bh4 Nc6 10. O-O Nh6 11. d5 Ne7 12. Nd2 Nf7 13. f3 a5 14. a3 f5 15. b4
axb4 16. axb4 Rxa1 17. Qxa1 Bh6 18. Nb3 g5 19. Bf2 Ng6 20. c5 Nf4 21. Qd1 Kh8
22. Nd2 g4 23. exf5 Nxe2+ 24. Qxe2 Bxd2 25. Qxd2 gxf3 26. Bg3 Ng5 27. h4 fxg2
28. Kxg2 Nf7 29. Ne4 Rg8 30. Kh2 1/2-1/2

[Event "BL 9394 München 36-Zehlendorf"]
[Site "?"]
[Date "1993.??.??"]
[Round "?.6"]
[White "Pezerovic, E."]
[Black "Heinig, W."]
[Result "1/2-1/2"]
[WhiteElo "2400"]
[BlackElo "2315"]
[PlyCount "74"]
[EventDate "1993.??.??"]

1. Nf3 Nf6 2. d4 g6 3. Bg5 Bg7 4. Nbd2 c5 5. e3 b6 6. Bd3 O-O 7. O-O Bb7 8. c3
d6 9. Re1 Nc6 10. e4 cxd4 11. cxd4 Rc8 12. a3 h6 13. Bxf6 Bxf6 14. Nb3 Bg7 15.
Qe2 e6 16. Ba6 Bxa6 17. Qxa6 d5 18. e5 Qd7 19. Rac1 Nb8 20. Qd3 Rxc1 21. Rxc1
Rc8 22. Rc3 Rxc3 23. Qxc3 Qc6 24. Qxc6 Nxc6 25. Ne1 f6 26. f4 g5 27. g3 Kf7 28.
Nd3 Kg6 29. Kf2 Kf5 30. Kf3 h5 31. h3 g4+ 32. hxg4+ hxg4+ 33. Ke3 fxe5 34. Nxe5
Ne7 35. Kd3 Bf6 36. Ke3 Bg7 37. Kd3 Bf6 1/2-1/2

[Event "BL 9394 München 36-Zehlendorf"]
[Site "?"]
[Date "1993.??.??"]
[Round "?.7"]
[White "Lieb, H."]
[Black "Reich, T."]
[Result "0-1"]
[WhiteElo "2295"]
[BlackElo "2370"]
[PlyCount "164"]
[EventDate "1993.??.??"]

1. d4 g6 2. c4 Nf6 3. Nc3 Bg7 4. e4 d6 5. f3 O-O 6. Be3 b6 7. Nge2 c5 8. d5 e6
9. Qd2 exd5 10. cxd5 a6 11. a4 Nbd7 12. Ng3 h5 13. Be2 Nh7 14. O-O Ne5 15. h3
h4 16. Nh1 f5 17. Nf2 Ra7 18. f4 Nf7 19. exf5 gxf5 20. Bd3 Re7 21. Rae1 Nf6 22.
Qd1 Nh8 23. Bd2 Ng6 24. Bc4 Rfe8 25. Rxe7 Rxe7 26. Re1 Rxe1+ 27. Qxe1 Nh5 28.
Nd3 Ng3 29. Be3 Qe7 30. Bf2 Ne4 31. Kf1 Nxf2 32. Qxe7 Nxe7 33. Kxf2 Bb7 34. Ne5
dxe5 35. d6+ Kf8 36. dxe7+ Kxe7 37. Bd5 Bc8 38. fxe5 Bxe5 39. Nd1 Bd4+ 40. Kf3
Kd6 41. Ba8 Ke5 42. Bc6 Be6 43. g3 hxg3 44. Kxg3 f4+ 45. Kg2 Bb3 46. Nc3 Bxc3
47. bxc3 Bf7 48. Kf2 Kd6 49. Bb7 a5 50. Kf3 Be8 51. Kxf4 Bxa4 52. Ke3 Bd7 53.
h4 Bf5 54. c4 Ke5 55. Bc6 Be6 56. Kd3 Kf4 57. Be8 Bf5+ 58. Kc3 Bg4 59. Bf7 Bf3
60. Be8 Kg4 61. Ba4 Kxh4 62. Kd3 Kg5 63. Ke3 Bb7 64. Bb5 Kf5 65. Bd7+ Ke5 66.
Bb5 Bg2 67. Kd3 Be4+ 68. Kc3 Bg6 69. Ba4 Kf4 70. Kd2 Bf7 71. Kd3 Kf3 72. Bb5
Bg6+ 73. Kd2 Ke4 74. Kc3 Ke3 75. Bd7 Bh5 76. Ba4 Bg4 77. Bc2 Ke2 78. Ba4 Ke1
79. Bc2 Bd1 80. Be4 a4 81. Bf5 a3 82. Bb1 Ba4 0-1

[Event "BL 9394 München 36-Zehlendorf"]
[Site "?"]
[Date "1993.??.??"]
[Round "?.8"]
[White "Lentrodt, T."]
[Black "Klimm, W."]
[Result "0-1"]
[WhiteElo "2320"]
[BlackElo "2275"]
[PlyCount "118"]
[EventDate "1993.??.??"]

1. d4 Nf6 2. Nf3 e6 3. g3 b6 4. Bg2 Bb7 5. O-O c5 6. c4 cxd4 7. Nxd4 Bxg2 8.
Kxg2 Qc8 9. b3 a6 10. Bb2 Be7 11. Nc3 Qb7+ 12. f3 O-O 13. e4 d6 14. Qe2 Nbd7
15. Rfd1 Rfd8 16. Rac1 Rac8 17. Ba3 Bf8 18. Bb2 Rc7 19. h3 Rdc8 20. Kh2 g6 21.
Qe3 Ne5 22. Kg2 Ned7 23. g4 h6 24. Re1 Kh7 25. f4 Rc5 26. Nf3 b5 27. cxb5 axb5
28. b4 Rc4 29. a3 d5 30. exd5 Nxd5 31. Nxd5 Qxd5 32. Rcd1 Qb7 33. Kg3 Bg7 34.
Bxg7 Kxg7 35. Rd3 Kh7 36. Ne5 Nxe5 37. Qxe5 Rc2 38. Qe4 Qb6 39. Ree3 R8c4 40.
Qe5 Qb7 41. Rf3 Rc8 42. Qf6 R2c4 43. Kh4 Re4 44. Rfe3 Rxf4 45. Qe5 Rf2 46. Qd6
h5 47. Rg3 hxg4 48. Rxg4 Rf5 49. Kg3 Qh1 50. Qd4 Qe1+ 51. Kh2 Rc2+ 52. Rg2
Rxg2+ 53. Kxg2 Qf1+ 54. Kh2 Rf2+ 55. Kg3 Qg2+ 56. Kh4 Rf5 57. Rg3 Rh5+ 58. Kg4
Qe2+ 59. Kf4 Rf5# 0-1

[Event "BL 9394 Bayern-Empor Berlin"]
[Site "?"]
[Date "1993.??.??"]
[Round "?.2"]
[White "Yusupov, A."]
[Black "Shirov, A."]
[Result "1/2-1/2"]
[WhiteElo "2630"]
[BlackElo "2685"]
[PlyCount "112"]
[EventDate "1993.??.??"]

1. d4 d5 2. c4 c6 3. Nf3 Nf6 4. Nc3 a6 5. cxd5 cxd5 6. Bf4 Nc6 7. e3 Bg4 8. Bd3
e6 9. Qb3 Bxf3 10. gxf3 Na5 11. Qc2 Be7 12. Rg1 g6 13. Ke2 b5 14. Rac1 Rc8 15.
Qb1 Nc4 16. b3 Nh5 17. bxc4 Nxf4+ 18. exf4 bxc4 19. Bc2 O-O 20. Bxg6 fxg6 21.
Rxg6+ Kh8 22. Rh6 Rf7 23. Rxe6 Ba3 24. Rg1 Rb8 25. Qe1 Qh4 26. Nxd5 Qh3 27. Kd2
c3+ 28. Nxc3 Rb2+ 29. Kd3 Qxf3+ 30. Qe3 Qxf4 31. Qxf4 Rxf4 32. Ne4 Rf3+ 33. Kc4
Rc2+ 34. Kd5 Rf5+ 35. Re5 Rf8 36. Ng5 Rcxf2 37. Ne6 Rb8 38. Re3 Rxa2 39. Ng5 h6
40. Nf7+ Kh7 41. Reg3 Bf8 42. Rg8 Rb5+ 43. Ke4 Rg5 44. R8xg5 hxg5 45. Nxg5+ Kh6
46. Nf7+ Kh7 47. h4 a5 48. h5 Re2+ 49. Kf3 Re7 50. Ne5 Bg7 51. Ke4 a4 52. Ra1
Ra7 53. Ra2 a3 54. Nc4 Re7+ 55. Ne5 Ra7 56. Nc4 Re7+ 1/2-1/2

[Event "BL 9394 Bayern-Empor Berlin"]
[Site "?"]
[Date "1993.??.??"]
[Round "?.4"]
[White "Kindermann, S."]
[Black "Luther, T."]
[Result "1/2-1/2"]
[WhiteElo "2520"]
[BlackElo "2480"]
[PlyCount "34"]
[EventDate "1993.??.??"]

1. e4 e6 2. d4 d5 3. e5 c5 4. c3 Bd7 5. Nf3 Nc6 6. Be2 Nh6 7. O-O cxd4 8. cxd4
Nf5 9. Nc3 Rc8 10. Kh1 Be7 11. Bd3 Nh4 12. Nxh4 Bxh4 13. Qg4 Kf8 14. Be3 f5 15.
Qd1 Be7 16. Rc1 g5 17. f3 Kg7 1/2-1/2

[Event "BL 9394 Bayern-Empor Berlin"]
[Site "?"]
[Date "1993.??.??"]
[Round "?.5"]
[White "Volke, K."]
[Black "Schlosser, P."]
[Result "0-1"]
[WhiteElo "2470"]
[BlackElo "2550"]
[PlyCount "58"]
[EventDate "1993.??.??"]

1. b4 d5 2. Bb2 Bg4 3. Nf3 Bxf3 4. gxf3 e6 5. e3 Nf6 6. c4 Nbd7 7. cxd5 exd5 8.
a3 c6 9. Nc3 Bd6 10. Bh3 Ne5 11. d3 d4 12. exd4 Ng6 13. Qe2+ Be7 14. Bf5 O-O
15. h4 Nf4 16. Qd2 N6d5 17. O-O-O a5 18. Rdg1 Bd6 19. b5 Qf6 20. Ne4 Qxf5 21.
Nxd6 Qe6 22. Ne4 cxb5 23. Rg5 f6 24. Rg4 f5 25. Rxf4 Nxf4 26. Nc5 Qd6 27. Nxb7
Qc6+ 28. Nc5 Qxf3 29. Rg1 Ne2+ 0-1